000 00479cam a22001457a 4500
008 180718b1984 xxu||||| |||| 00| 0 eng d
082 _aAPPPA 83-84 BAL
100 _aBalaraman, S.
245 _aAnalysis of concepts to social cost-benefit analysis of investment in education
_cby S. Balaraman
260 _aNew Delhi
_bIndian Institute of Public Administration
_c1984
300 _a128p.
650 _aEducation
650 _aInvestment
650 _aSocial cost-benefit analysis
999 _c501342
_d501342